| 000 | 01327cam a22003617a 4500 | ||
|---|---|---|---|
| 003 | CHAP | ||
| 005 | 20220329142902.0 | ||
| 008 | 041213d2004 mx r 00110 spa d | ||
| 010 | _a89214 | ||
| 011 | _a90186 | ||
| 035 | _a100742 | ||
| 040 | _cCHAP | ||
| 090 | _aTesis | ||
| 100 | 0 | 0 |
_aValera García, Janet Abigail. _9117521 |
| 245 | 1 | 0 |
_aDiagnóstico del estado mineral de una explotación ovina en los Caños, Aguascalientes _c/por Janet Abigail Valera García y Armando Zamora Fernández |
| 260 |
_aChapingo, Méx. : _bEl autor, _c2004. |
||
| 300 | _a89 h. | ||
| 502 | _aTesis (Ing. Agr. Esp. en Zootecnia) -- UACH. Departamento de Zootecnia | ||
| 590 |
_aALEPH _b10 _c20130110 _lUCH01 _h1502 |
||
| 590 |
_aBATCH-UPD _b10 _c20130110 _lUCH01 _h0452 |
||
| 590 |
_aBATCH-UPD _b10 _c20130410 _lUCH01 _h0130 |
||
| 590 |
_aBATCH-UPD _b10 _c20130914 _lUCH01 _h1512 |
||
| 590 |
_aCONVERSION _b10 _c20130109 _lUCH01 _h1349 |
||
| 650 | 1 | 4 |
_aGanado lanar _xAguascalientes. _945152 |
| 650 | 1 | 4 |
_aMinerales en nutrición animal. _975937 |
| 650 | 1 | 4 |
_aSuero sanguíneo. _9110588 |
| 700 | 0 | 0 |
_aZamora Fernández, Armando. _9123511 |
| 901 | _aBK | ||
| 905 | _aAlejandra Carrasco M. | ||
| 942 | _cFOLL | ||
| 949 |
_aTesis _bBC _cTES _d1007421 _eTS1 _h42727 _i100742 _sb |
||
| 949 |
_aTesis _bBC _cTES _d33724000944484 _eTS2 _fc.2 _h42728 _i100742 _sb |
||
| 999 |
_c89214 _d89214 |
||